<La> banca de desarrollo en la modernización del campo.

Proces industrializácie Mexika a podpora poľnohospodárskej výroby a rozvoja od počiatku 40. rokov. Poľnohospodárska reforma. Vývoj poľnohospodárskej výroby 1960-88 a obchod s poľnohospodárskymi produktami 1980-1989. Rentabilita výroby. Financovanie výroby - bankový systém, úvery. Modernizácia vidiek...

Descrizione completa

Salvato in:
Dettagli Bibliografici
Autore principale: Mora Gomez, J.
Natura: Capitolo di libro
Lingua:spagnolo
Soggetti:
Tags: Aggiungi Tag
Nessun Tag, puoi essere il primo ad aggiungerne!!

MARC

LEADER 00000naa a2200000 4500
001 r003153
005 20220818104452.0
041 0 |a spa 
044 |a MX 
245 1 0 |a <La> banca de desarrollo en la modernización del campo.  |c J. Mora Gomez 
520 |a Proces industrializácie Mexika a podpora poľnohospodárskej výroby a rozvoja od počiatku 40. rokov. Poľnohospodárska reforma. Vývoj poľnohospodárskej výroby 1960-88 a obchod s poľnohospodárskymi produktami 1980-1989. Rentabilita výroby. Financovanie výroby - bankový systém, úvery. Modernizácia vidieka. Úvery na podporu rozvoja vidieka od Banrural (Národná banka pre úvery na vidieku). 
610 2 0 |a banky 
610 2 0 |a vidiek 
610 2 0 |a modernizácia 
610 2 0 |a Mexiko 
610 2 0 |a poľnohospodárstvo 
610 2 0 |a 1940-1990 
610 2 0 |a industrializácia 
610 2 0 |a reformy pozemkové 
610 2 0 |a výrobky poľnohospodárske 
610 2 0 |a úver poľnohospodársky 
100 1 |a Mora Gomez, J.